Un acercamiento a los factores que inciden en la aplicación del incentivo del programa socio bosque en Ecuador / (Registro nro. 17822)

Detalles MARC
000 -CABECERA
Campo de control 01278nam a22003017a 4500
005 - FECHA Y HORA DE LA ULTIMA TRANSACCION
Campo de control 20150928144815.0
008 - ELEMENTOS DE LONGITUD FIJA—INFORMACION GENERAL
Campo de control 150928b2015 pe |||||r|||| 00| 0 spa d
020 ## - ISBN
ISBN 9786124695254
040 ## - FUENTE DE CATALOGACIÓN
Agencia catalogadora original CO-BoIAVH
Agencia transcriptora CO-BoIAVH
041 0# - IDIOMA
Código de idioma para texto/pista de sonido o título separado Español
044 ## - PAÍS DE PUBLICACIÓN
País de publicación Perú
082 04 - NUMERO DE CLASIFICACION DECIMAL DEWEY
Número de clasificación 333.75
Número del ítem U84c13
100 1# - ASIENTO PRINCIPAL--NOMBRE PERSONAL
Nombre personal Robles Morillo, Marco
9 (RLIN) 40022
245 1# - MENCION DE TITULO
Título Un acercamiento a los factores que inciden en la aplicación del incentivo del programa socio bosque en Ecuador /
Mención de responsabilidad Marco Robles Morillo
260 ## - PUBLICACION, DISTRIBUCION, ETC. (PIE DE IMPRENTA)
Lugar de publicación, distribución, etc. Lima (Perú):
Nombre del editor, distribuidor, etc. USAID:
-- ICAA,
Fecha de publicación, distribución, etc. 2015.
300 ## - DESCRIPCION FISICA
Extensión 59 páginas :
Otros detalles físicos gráficas y mapas ;
Dimensiones 25 cm.
490 ## - MENCION DE SERIE
Mención de serie Conservación estratégica. Serie técnica
Designación numérica/secuencial del volumen 38
500 ## - NOTA GENERAL
Nota general Programa de investigaciones económicas aplicadas para la conservación en la Amazonía Andina.
504 ## - NOTA DE BIBLIOGRAFIA, ETC.
Nota de bibliografía Incluye referencias bibliográficas (páginas 58-59).
520 ## - NOTA DE RESUMEN, ETC.
Nota de resumen Incluye resúmenes en inglés y español.
610 #4 - ASIENTO SECUNDARIO DE MATERIA - NOMBRE CORPORATIVO
Nombre corporativo o nombre de la jurisdicción como elemento de entrad Programa Socio Bosque
9 (RLIN) 40023
650 #6 - ASIENTO SECUNDARIO DE MATERIA - TERMINO TEMATICO
Término temático o nombre geográfico como elemento de entrada Programas de manejo ambiental
Subdivisión general Análisis económico
9 (RLIN) 40024
650 #6 - ASIENTO SECUNDARIO DE MATERIA - TERMINO TEMATICO
Término temático o nombre geográfico como elemento de entrada Programas de manejo ambiental
Subdivisión general Aspectos económicos
9 (RLIN) 40025
650 #6 - ASIENTO SECUNDARIO DE MATERIA - TERMINO TEMATICO
Término temático o nombre geográfico como elemento de entrada Programas de manejo ambiental
Subdivisión general Incentivos
9 (RLIN) 40026
650 #6 - ASIENTO SECUNDARIO DE MATERIA - TERMINO TEMATICO
Término temático o nombre geográfico como elemento de entrada Programas de manejo ambiental
Subdivisión general Aspectos sociales
9 (RLIN) 40027
651 #6 - ASIENTO SECUNDARIO DE MATERIA - NOMBRE GEOGRAFICO
Nombre geográfico Ecuador
9 (RLIN) 40028
942 ## - ELEMENTOS ADICIONALES (KOHA)
Sistema de clasificación Dewey Decimal Classification
Tipo de ítem Libro
Existencias
Withdrawn status Lost status Sistema de Clasificación Damaged status No para préstamo Colección Inventariado Ubicación Permanente Ubicación actual Fecha de adquisición Fuente de Valor Valor Total Checkouts Número topográfico Inventario / Código de Barras Date last seen Ejemplar Price effective from Forma de adquisición Tipo de material
    Dewey Decimal Classification     General Inventariado 2017 Bogotá Bogotá 28/09/2015 Instituto 39000.00   LB-333.75 U84c13 039263 28/09/2015 Ej. 1 28/09/2015   Libro